<?xml version="1.0" encoding="UTF-8"?><?xml-stylesheet type="text/xsl" href="static/style.xsl"?><OAI-PMH xmlns="http://www.openarchives.org/OAI/2.0/" xmlns:xsi="http://www.w3.org/2001/XMLSchema-instance" xsi:schemaLocation="http://www.openarchives.org/OAI/2.0/ http://www.openarchives.org/OAI/2.0/OAI-PMH.xsd"><responseDate>2026-04-17T07:43:27Z</responseDate><request verb="GetRecord" identifier="oai:www.recercat.cat:2445/121189" metadataPrefix="marc">https://recercat.cat/oai/request</request><GetRecord><record><header><identifier>oai:recercat.cat:2445/121189</identifier><datestamp>2025-12-06T03:23:31Z</datestamp><setSpec>com_2072_1057</setSpec><setSpec>col_2072_478801</setSpec><setSpec>col_2072_478917</setSpec></header><metadata><record xmlns="http://www.loc.gov/MARC21/slim" xmlns:dcterms="http://purl.org/dc/terms/" xmlns:xsi="http://www.w3.org/2001/XMLSchema-instance" xmlns:doc="http://www.lyncode.com/xoai" xsi:schemaLocation="http://www.loc.gov/MARC21/slim http://www.loc.gov/standards/marcxml/schema/MARC21slim.xsd">
   <leader>00925njm 22002777a 4500</leader>
   <datafield ind2=" " ind1=" " tag="042">
      <subfield code="a">dc</subfield>
   </datafield>
   <datafield ind2=" " ind1=" " tag="720">
      <subfield code="a">San Martín, Conchi</subfield>
      <subfield code="e">author</subfield>
   </datafield>
   <datafield ind2=" " ind1=" " tag="260">
      <subfield code="c">2018-03-28T09:39:27Z</subfield>
   </datafield>
   <datafield ind2=" " ind1=" " tag="260">
      <subfield code="c">2018-03-28T09:39:27Z</subfield>
   </datafield>
   <datafield ind2=" " ind1=" " tag="260">
      <subfield code="c">2008</subfield>
   </datafield>
   <datafield ind2=" " ind1=" " tag="260">
      <subfield code="c">2018-03-28T09:39:27Z</subfield>
   </datafield>
   <datafield ind2=" " ind1=" " tag="520">
      <subfield code="a">We studied the functional diversity of silence in a communicative situation involving children. We were especially interested in the types of silence that are expressions of reflection or inner speech. We designed a longitudinal study with ten pairs of children aged 4;6, 6;6 and 8;6 years participating in a referential communication task under the supervision of an adult. We distinguished between different verbal and non-verbal categories: among the most relevant were mes-sages with silences in the formulation, messages with audible elements of reflection or private speech, and triad silences. The study demonstrated a tendency, at the developmental level, to internalize the audible elements of reflection that appear in the messages, as well as a connection between the presence of messages with silence and the capacity to modify the information at 8;6 years of age. In addition, there was a decrease in the triad silences and categories that express parallel adult guidance, and finally an increase in children's interventions. In conclusion we suggest that the relationship between silence as a marker of reflection and the processes of communicative control becomes increasingly profound.</subfield>
   </datafield>
   <datafield tag="653" ind2=" " ind1=" ">
      <subfield code="a">Comunicació interpersonal en els infants</subfield>
   </datafield>
   <datafield tag="653" ind2=" " ind1=" ">
      <subfield code="a">Silenci</subfield>
   </datafield>
   <datafield tag="653" ind2=" " ind1=" ">
      <subfield code="a">Interpersonal communication in children</subfield>
   </datafield>
   <datafield tag="653" ind2=" " ind1=" ">
      <subfield code="a">Silence</subfield>
   </datafield>
   <datafield ind2="0" ind1="0" tag="245">
      <subfield code="a">Diversidad funcional del silencio en situación comunicativa</subfield>
   </datafield>
</record></metadata></record></GetRecord></OAI-PMH>